International rugby - 100 or more tests in the starting lineup - Statistics

General Stats
  • This quiz has been taken 213 times
    81 since last reset
  • The average score is 9 of 23
Answer Stats
Country Starts Player % Correct
New Zealand 141 Richard McCaw
92%
Ireland/Lions 140 Brian O'Driscoll
82%
Wales/Lions 130 Alun-Wyn Jones
71%
Australia 133 George Gregan
65%
Italy 139 Sergio Parisse
65%
New Zealand 106 Daniel Carter
61%
South Africa 122 Bryan Habana
56%
New Zealand 120 Kieran Read
52%
South Africa 121 Victor Matfield
48%
Ireland 102 Rory Best
47%
Ireland/Lions 106 Paul O'Connell
45%
England/Lions 104 Jason Leonard
30%
Australia 100 David Campese
26%
New Zealand 105 Tony Woodcock
24%
France 106 Fabien Pelous
21%
Australia 113 Adam Ashley-Cooper
18%
South Africa 105 Jean De Villiers
18%
Ireland 100 John Hayes
15%
Australia 109 Nathan Sharpe
14%
France 110 Philippe Sella
14%
South Africa 102 Tendai Mtawarira
12%
Romania 105 Catalin Fercu
0%
Georgia 101 Davit Kacharava
0%
No matching quizzes found
Score Distribution
Percent of People with Each Score
Percentile by Number Answered
Your Score History
You have not taken this quiz since the last reset